Statistics for Tottenham Hotspur F.C. 2019/2020 Squad

Click here to take the quiz!

General Stats

  • This quiz has been taken 747 times
    (712 since last reset)
  • The average score is 20 of 24

Answer Stats

No.Answer% Correct
1France (GK)Hugo Lloris
100%
7South Korea (FW)Son Heung-min
99%
10England (FW)Harry Kane
98%
5Belgium (DF)Jan Vertonghen
93%
6Colombia (DF)Davinson Sánchez
92%
15England (MF)Eric Dier
90%
23Denmark (MF)Christian Eriksen
89%
33Wales (DF)Ben Davies
88%
8England (MF)Harry Winks
87%
-Argentina (MAN)Mauricio Pochettino
86%
20England (MF)Dele Alli
85%
11Argentina (MF)Erik Lamela
85%
17France (MF)Moussa Sissoko
85%
4Belgium (DF)Toby Alderweireld
85%
12Kenya (MF)Victor Wanyama
84%
3England (DF)Danny Rose
83%
27Brazil (MF)Lucas Moura
83%
24Côte d'Ivoire (DF)Serge Aurier
82%
18Argentina (MF)Giovani Lo Celso
80%
22Argentina (GK)Paulo Gazzaniga
75%
28France (MF)Tanguy Ndombele
75%
21Argentina (DF)Juan Foyth
67%
16England (DF)Kyle Walker-Peters
48%
19England (MF)Ryan Sessegnon
38%

Score Distribution

Percentile by Number Answered

Percent of People with Each Score

Your Score History

You have not taken this quiz since the last reset